<?xml version="1.0" encoding="UTF-8"?>
<record
    xmlns:xsi="http://www.w3.org/2001/XMLSchema-instance"
    xsi:schemaLocation="http://www.loc.gov/MARC21/slim http://www.loc.gov/standards/marcxml/schema/MARC21slim.xsd"
    xmlns="http://www.loc.gov/MARC21/slim">

  <leader>00537nam a22002057a 4500</leader>
  <controlfield tag="003">OSt</controlfield>
  <controlfield tag="005">20230119143040.0</controlfield>
  <controlfield tag="008">230119b        |||||||| |||| 00| 0 eng d</controlfield>
  <datafield tag="020" ind1=" " ind2=" ">
    <subfield code="a">9788179308288</subfield>
  </datafield>
  <datafield tag="082" ind1=" " ind2=" ">
    <subfield code="a">306.0954</subfield>
    <subfield code="b">F13F</subfield>
  </datafield>
  <datafield tag="245" ind1=" " ind2=" ">
    <subfield code="a"> Facets of Indian culture</subfield>
    <subfield code="c">edited by Kalpana Rajaram</subfield>
  </datafield>
  <datafield tag="260" ind1=" " ind2=" ">
    <subfield code="a">New Delhi</subfield>
    <subfield code="b">Spectrum Books</subfield>
    <subfield code="c">2022</subfield>
  </datafield>
  <datafield tag="300" ind1=" " ind2=" ">
    <subfield code="a">viii, 536 p.</subfield>
  </datafield>
  <datafield tag="651" ind1=" " ind2=" ">
    <subfield code="a">India</subfield>
  </datafield>
  <datafield tag="653" ind1=" " ind2=" ">
    <subfield code="a">Manners and customs</subfield>
  </datafield>
  <datafield tag="653" ind1=" " ind2=" ">
    <subfield code="a">Culture</subfield>
  </datafield>
  <datafield tag="653" ind1=" " ind2=" ">
    <subfield code="a">Civilization</subfield>
  </datafield>
  <datafield tag="700" ind1=" " ind2=" ">
    <subfield code="a">Rajaram, Kalpana </subfield>
    <subfield code="e">Editor</subfield>
  </datafield>
  <datafield tag="942" ind1=" " ind2=" ">
    <subfield code="2">ddc</subfield>
    <subfield code="c">BK</subfield>
  </datafield>
  <datafield tag="999" ind1=" " ind2=" ">
    <subfield code="c">25933</subfield>
    <subfield code="d">25933</subfield>
  </datafield>
  <datafield tag="952" ind1=" " ind2=" ">
    <subfield code="0">0</subfield>
    <subfield code="1">0</subfield>
    <subfield code="2">ddc</subfield>
    <subfield code="4">0</subfield>
    <subfield code="7">0</subfield>
    <subfield code="8">TXB</subfield>
    <subfield code="a">CURAJ</subfield>
    <subfield code="b">CURAJ</subfield>
    <subfield code="d">2023-01-19</subfield>
    <subfield code="e">DACE</subfield>
    <subfield code="g">274.70</subfield>
    <subfield code="l">1</subfield>
    <subfield code="o">306.0954 F13F</subfield>
    <subfield code="p">40646</subfield>
    <subfield code="q">2023-04-20</subfield>
    <subfield code="r">2023-04-20</subfield>
    <subfield code="s">2023-04-20</subfield>
    <subfield code="w">2023-01-19</subfield>
    <subfield code="y">BK</subfield>
  </datafield>
  <datafield tag="952" ind1=" " ind2=" ">
    <subfield code="0">0</subfield>
    <subfield code="1">0</subfield>
    <subfield code="2">ddc</subfield>
    <subfield code="4">0</subfield>
    <subfield code="7">0</subfield>
    <subfield code="8">TXB</subfield>
    <subfield code="a">CURAJ</subfield>
    <subfield code="b">CURAJ</subfield>
    <subfield code="d">2023-01-19</subfield>
    <subfield code="e">DACE</subfield>
    <subfield code="g">274.70</subfield>
    <subfield code="l">1</subfield>
    <subfield code="o">306.0954 F13F</subfield>
    <subfield code="p">40647</subfield>
    <subfield code="q">2023-01-31</subfield>
    <subfield code="r">2023-01-31</subfield>
    <subfield code="s">2023-01-31</subfield>
    <subfield code="w">2023-01-19</subfield>
    <subfield code="y">BK</subfield>
  </datafield>
  <datafield tag="952" ind1=" " ind2=" ">
    <subfield code="0">0</subfield>
    <subfield code="1">0</subfield>
    <subfield code="2">ddc</subfield>
    <subfield code="4">0</subfield>
    <subfield code="7">0</subfield>
    <subfield code="8">TXB</subfield>
    <subfield code="a">CURAJ</subfield>
    <subfield code="b">CURAJ</subfield>
    <subfield code="d">2023-01-19</subfield>
    <subfield code="e">DACE</subfield>
    <subfield code="g">274.70</subfield>
    <subfield code="l">1</subfield>
    <subfield code="o">306.0954 F13F</subfield>
    <subfield code="p">40648</subfield>
    <subfield code="q">2023-04-20</subfield>
    <subfield code="r">2023-04-20</subfield>
    <subfield code="s">2023-04-20</subfield>
    <subfield code="w">2023-01-19</subfield>
    <subfield code="y">BK</subfield>
  </datafield>
  <datafield tag="952" ind1=" " ind2=" ">
    <subfield code="0">0</subfield>
    <subfield code="1">0</subfield>
    <subfield code="2">ddc</subfield>
    <subfield code="4">0</subfield>
    <subfield code="7">0</subfield>
    <subfield code="8">TXB</subfield>
    <subfield code="a">CURAJ</subfield>
    <subfield code="b">CURAJ</subfield>
    <subfield code="d">2023-01-19</subfield>
    <subfield code="e">DACE</subfield>
    <subfield code="g">274.70</subfield>
    <subfield code="l">1</subfield>
    <subfield code="o">306.0954 F13F</subfield>
    <subfield code="p">40649</subfield>
    <subfield code="q">2023-01-31</subfield>
    <subfield code="r">2023-01-31</subfield>
    <subfield code="s">2023-01-31</subfield>
    <subfield code="w">2023-01-19</subfield>
    <subfield code="y">BK</subfield>
  </datafield>
  <datafield tag="952" ind1=" " ind2=" ">
    <subfield code="0">0</subfield>
    <subfield code="1">0</subfield>
    <subfield code="2">ddc</subfield>
    <subfield code="4">0</subfield>
    <subfield code="7">0</subfield>
    <subfield code="8">TXB</subfield>
    <subfield code="a">CURAJ</subfield>
    <subfield code="b">CURAJ</subfield>
    <subfield code="d">2023-01-19</subfield>
    <subfield code="e">DACE</subfield>
    <subfield code="g">274.70</subfield>
    <subfield code="l">1</subfield>
    <subfield code="o">306.0954 F13F</subfield>
    <subfield code="p">40650</subfield>
    <subfield code="q">2023-04-21</subfield>
    <subfield code="r">2023-04-21</subfield>
    <subfield code="s">2023-04-21</subfield>
    <subfield code="w">2023-01-19</subfield>
    <subfield code="y">BK</subfield>
  </datafield>
  <datafield tag="952" ind1=" " ind2=" ">
    <subfield code="0">0</subfield>
    <subfield code="1">0</subfield>
    <subfield code="2">ddc</subfield>
    <subfield code="4">0</subfield>
    <subfield code="7">0</subfield>
    <subfield code="8">TXB</subfield>
    <subfield code="a">CURAJ</subfield>
    <subfield code="b">CURAJ</subfield>
    <subfield code="d">2023-01-19</subfield>
    <subfield code="e">DACE</subfield>
    <subfield code="g">274.70</subfield>
    <subfield code="l">1</subfield>
    <subfield code="o">306.0954 F13F</subfield>
    <subfield code="p">40651</subfield>
    <subfield code="q">2023-01-24</subfield>
    <subfield code="r">2023-01-24</subfield>
    <subfield code="s">2023-01-24</subfield>
    <subfield code="w">2023-01-19</subfield>
    <subfield code="y">BK</subfield>
  </datafield>
  <datafield tag="952" ind1=" " ind2=" ">
    <subfield code="0">0</subfield>
    <subfield code="1">0</subfield>
    <subfield code="2">ddc</subfield>
    <subfield code="4">0</subfield>
    <subfield code="7">0</subfield>
    <subfield code="8">TXB</subfield>
    <subfield code="a">CURAJ</subfield>
    <subfield code="b">CURAJ</subfield>
    <subfield code="d">2023-01-19</subfield>
    <subfield code="e">DACE</subfield>
    <subfield code="g">274.70</subfield>
    <subfield code="l">1</subfield>
    <subfield code="o">306.0954 F13F</subfield>
    <subfield code="p">40652</subfield>
    <subfield code="q">2023-04-20</subfield>
    <subfield code="r">2023-04-20</subfield>
    <subfield code="s">2023-04-20</subfield>
    <subfield code="w">2023-01-19</subfield>
    <subfield code="y">BK</subfield>
  </datafield>
  <datafield tag="952" ind1=" " ind2=" ">
    <subfield code="0">0</subfield>
    <subfield code="1">0</subfield>
    <subfield code="2">ddc</subfield>
    <subfield code="4">0</subfield>
    <subfield code="7">0</subfield>
    <subfield code="8">TXB</subfield>
    <subfield code="a">CURAJ</subfield>
    <subfield code="b">CURAJ</subfield>
    <subfield code="d">2023-01-19</subfield>
    <subfield code="e">DACE</subfield>
    <subfield code="g">274.70</subfield>
    <subfield code="l">1</subfield>
    <subfield code="o">306.0954 F13F</subfield>
    <subfield code="p">40653</subfield>
    <subfield code="q">2023-04-20</subfield>
    <subfield code="r">2023-04-20</subfield>
    <subfield code="s">2023-04-20</subfield>
    <subfield code="w">2023-01-19</subfield>
    <subfield code="y">BK</subfield>
  </datafield>
  <datafield tag="952" ind1=" " ind2=" ">
    <subfield code="0">0</subfield>
    <subfield code="1">0</subfield>
    <subfield code="2">ddc</subfield>
    <subfield code="4">0</subfield>
    <subfield code="7">0</subfield>
    <subfield code="8">TXB</subfield>
    <subfield code="a">CURAJ</subfield>
    <subfield code="b">CURAJ</subfield>
    <subfield code="d">2023-01-19</subfield>
    <subfield code="e">DACE</subfield>
    <subfield code="g">274.70</subfield>
    <subfield code="l">1</subfield>
    <subfield code="o">306.0954 F13F</subfield>
    <subfield code="p">40654</subfield>
    <subfield code="q">2023-04-20</subfield>
    <subfield code="r">2023-04-20</subfield>
    <subfield code="s">2023-04-20</subfield>
    <subfield code="w">2023-01-19</subfield>
    <subfield code="y">BK</subfield>
  </datafield>
  <datafield tag="952" ind1=" " ind2=" ">
    <subfield code="0">0</subfield>
    <subfield code="1">0</subfield>
    <subfield code="2">ddc</subfield>
    <subfield code="4">0</subfield>
    <subfield code="7">0</subfield>
    <subfield code="8">TXB</subfield>
    <subfield code="a">CURAJ</subfield>
    <subfield code="b">CURAJ</subfield>
    <subfield code="d">2023-01-19</subfield>
    <subfield code="e">DACE</subfield>
    <subfield code="g">274.70</subfield>
    <subfield code="l">1</subfield>
    <subfield code="o">306.0954 F13F</subfield>
    <subfield code="p">40655</subfield>
    <subfield code="q">2023-04-21</subfield>
    <subfield code="r">2023-04-21</subfield>
    <subfield code="s">2023-04-21</subfield>
    <subfield code="w">2023-01-19</subfield>
    <subfield code="y">BK</subfield>
  </datafield>
</record>
